Eurowizja 2023 (Pierwszy półfinał) - Statystyki

Ogólne statystyki
  • Ten quiz został rozwiązany 125 razy
  • Średni wynik to 11 z 15
Statystyki odpowiedzi
Miejsce Państwo Punkty % Poprawnych
1. Finlandia 177
100%
2. Szwecja 135
94%
3. Izrael 127
85%
6. Norwegia 102
74%
4. Czechy 110
71%
15. Malta 3
71%
12. Irlandia 10
70%
11. Łotwa 34
68%
10. Serbia 37
68%
9. Portugalia 74
67%
8. Chorwacja 76
65%
13. Holandia 7
65%
7. Szwajcaria 97
65%
14. Azerbejdźan 4
63%
5. Mołdawia 109
62%
Nie znaleziono quizów pasujących do podanych kryteriów
Rozkład punktacji
Procent ludzi z każdym wynikiem
Percentyl według liczby udzielonych odpowiedzi
Twoja historia wyników
Nie rozwiązałeś tego quizu